Optimization of natural rubber latex formulation via spherical symmetric design and silica reinforcement for enhanced mechanical performance (Record no. 75855)

MARC details
000 -LEADER
fixed length control field 00666nam a22002177a 4500
100 ## - MAIN ENTRY--AUTHOR NAME
Personal name Li, Y.
245 ## - TITLE STATEMENT
Title Optimization of natural rubber latex formulation via spherical symmetric design and silica reinforcement for enhanced mechanical performance
260 ## - PUBLICATION, DISTRIBUTION, ETC. (IMPRINT)
Name of publisher Polymers for Advanced Technologies, 36
Year of publication 2025
300 ## - PHYSICAL DESCRIPTION
Other physical details Online
650 ## - SUBJECT ADDED ENTRY--TOPICAL TERM
Topical Term Mechanical properties
650 ## - SUBJECT ADDED ENTRY--TOPICAL TERM
Topical Term Natural rubber latex
650 ## - SUBJECT ADDED ENTRY--TOPICAL TERM
Topical Term Optimized formulation
650 ## - SUBJECT ADDED ENTRY--TOPICAL TERM
Topical Term Silica
650 ## - SUBJECT ADDED ENTRY--TOPICAL TERM
Topical Term Spherical symmetric design
700 ## - ADDED ENTRY--PERSONAL NAME
Personal name Ma, S.
700 ## - ADDED ENTRY--PERSONAL NAME
Personal name Luo, M.
700 ## - ADDED ENTRY--PERSONAL NAME
Personal name He, Y.
856 ## - ELECTRONIC LOCATION AND ACCESS
Uniform Resource Identifier https://doi.org/10.1002/pat.70288
942 ## - ADDED ENTRY ELEMENTS (KOHA)
Koha item type Journals
Holdings
Withdrawn status Lost status Damaged status Not for loan Home library Current library Date acquired Koha item type
        RRII Library RRII Library 05/03/2026 Journals